Puppy & Kitten Names Quiz Stats

 Plays Quiz not verified by Sporcle

Challenge
Share
Tweet
Embed
Score 0/40 Timer 04:00
0 Plays Today
Type Name % Correct
Puppies - MaleMax
55.7%
Kittens - MaleMax
55.7%
Kittens - MaleKitty
38.2%
Kittens - FemaleKitty
38.2%
Puppies - MaleBuddy
30.6%
Puppies - MaleJack
28.1%
Kittens - MaleJack
28.1%
Puppies - FemaleBella
25.1%
Kittens - FemaleBella
25.1%
Kittens - MaleTiger
23.5%
Puppies - MaleCharlie
23.2%
Kittens - MaleCharlie
23.2%
Puppies - FemaleMolly
22.9%
Puppies - FemaleLucy
19.6%
Kittens - FemaleLucy
19.6%
Puppies - MaleDuke
16.5%
Puppies - FemaleDaisy
16.5%
Kittens - FemaleDaisy
16.5%
Puppies - FemaleChloe
16.2%
Kittens - FemaleChloe
16.2%
Type Name % Correct
Kittens - FemaleLily
15.6%
Puppies - FemaleMaggie
13.8%
Puppies - MaleBuster
13.5%
Kittens - MaleOliver
13.1%
Puppies - MaleBear
12.5%
Puppies - MaleRocky
11.3%
Kittens - MaleSmokey
11.3%
Kittens - MaleTigger
10.7%
Kittens - FemaleLilly
10.7%
Puppies - FemaleSophie
10.4%
Kittens - FemaleSophie
10.4%
Puppies - FemaleSadie
9.8%
Puppies - MaleCooper
9.2%
Puppies - FemaleLola
8.9%
Puppies - FemaleBailey
8.9%
Kittens - MaleSimba
8.9%
Kittens - MaleMilo
7.6%
Puppies - MaleBentley
4.9%
Kittens - FemaleLuna
4.9%
Kittens - FemaleCallie
4.9%

You're not logged in!

Compare scores with friends on all Sporcle quizzes.
Join for Free
OR
Log In

You Might Also Like...

Show Comments

Extras

Top Quizzes Today


Score Distribution

Your Account Isn't Verified!

In order to create a playlist on Sporcle, you need to verify the email address you used during registration. Go to your Sporcle Settings to finish the process.

Report this User

Report this user for behavior that violates our Community Guidelines.

Details: